UM Logo

A Cross-Cultural Comparison Study of the Relationships Between Perceived Coaching Behaviors and Student Athletes' Competitive Anxiety / (Record no. 24350)

MARC details
000 -LEADER
fixed length control field 00826nam a22001937a 4500
003 - CONTROL NUMBER IDENTIFIER
control field OSt
005 - DATE AND TIME OF LATEST TRANSACTION
control field 20260218143503.0
008 - FIXED-LENGTH DATA ELEMENTS--GENERAL INFORMATION
fixed length control field 260218b |||||||| |||| 00| 0 eng d
040 ## - CATALOGING SOURCE
Transcribing agency 0
082 ## - DEWEY DECIMAL CLASSIFICATION NUMBER
Classification number DPer 796.07 J826 January-October 2023 v. 42 n. 1-4
100 ## - MAIN ENTRY--PERSONAL NAME
Personal name Cheng, Hong-Yu
Relator term author.
9 (RLIN) 69805
245 ## - TITLE STATEMENT
Title A Cross-Cultural Comparison Study of the Relationships Between Perceived Coaching Behaviors and Student Athletes' Competitive Anxiety /
Statement of responsibility, etc. Hong-YU Cheng and Jia-Han Wang.
260 ## - PUBLICATION, DISTRIBUTION, ETC. (IMPRINT)
Place of publication, distribution, etc. Champaign, IL ;
Name of publisher, distributor, etc. Human Kinetics, Inc. ,
Date of publication, distribution, etc. October 2023.
300 ## - PHYSICAL DESCRIPTION
Extent Volume 42, pages 600-608 :
Other physical details illustration ;
Dimensions 29 cm.
500 ## - GENERAL NOTE
General note Journal of Teaching in Physical Education, vol. 42 no. 4, pages 600-608, July 2023.
700 ## - ADDED ENTRY--PERSONAL NAME
Personal name Cheng, Hong-Yu
Relator term author.
9 (RLIN) 69805
700 ## - ADDED ENTRY--PERSONAL NAME
Personal name Wang, Jia-Nan
Relator term author.
9 (RLIN) 69806
942 ## - ADDED ENTRY ELEMENTS (KOHA)
Source of classification or shelving scheme Dewey Decimal Classification
Koha item type Periodicals
Holdings
Withdrawn status Lost status Source of classification or shelving scheme Damaged status Not for loan Collection code Home library Current library Date acquired Total Checkouts Full call number Date last seen Price effective from Koha item type Public note
    Dewey Decimal Classification     Periodicals UM Digos College - LIC UM Digos College - LIC 02/18/2026   DPer 796.07 J826 January-October 2023 v. 42 n. 1-4 02/18/2026   Periodicals Periodical Article